000 00564nam a2200169 i 4500
001 111276
003 ES-MaACL
005 20230906185256.0
007 t|
008 061121s1984 sp |||| | spa d
100 1 _aNegrín Fajardo, Olegario.
_985310
245 1 0 _aIlustración y educación
_b: la Sociedad Económica Matritense /
_cOlegario Negrín Fajardo.
260 _aMadrid :
_bEditora Nacional,
_c1984.
300 _a183 p. ;
_c21 cm.
610 2 4 _aReal Sociedad Económica Matritense de Amigos del País-
_vHistoria.
_96390
852 _aES-MaACL
_jL-7786
999 _c111276
_d111276